| 000 | 004740000a22001810004500 | ||
|---|---|---|---|
| 003 | MACL | ||
| 005 | 20151023110935.0 | ||
| 008 | 151023b xxu||||| |||| 00| 0 eng d | ||
| 040 |
_aMACL _cMACL |
||
| 041 | _aEnglish | ||
| 082 | _a954/BHA | ||
| 100 |
_aBhattacharyya , Sudhindra Nath _916346 |
||
| 245 | _aA History Of Mughal North E̜ast Frontier Pplicy | ||
| 260 |
_aCalcutta _bPunthi P̜ustak _c1994 |
||
| 350 | _a575 | ||
| 650 |
_aHistory _916347 |
||
| 942 |
_cBK _k954 _2ddc |
||
| 999 |
_c2658 _d2658 |
||